تحميل...

CHERASAMRAJYAM

التفاصيل البيبلوغرافية
المؤلف الرئيسي: KUNJAN PILLAI ELAMKULAM
التنسيق: Printed Book
منشور في: Kottayam NATIONAL BOOK STALL 1970
الموضوعات:
LEADER 00463nam a2200169 4500
020
082 |a 954.83 KUN 
100 |a KUNJAN PILLAI ELAMKULAM 
245 |a CHERASAMRAJYAM  |h MALAYALAM 
250
260 |a Kottayam  |b NATIONAL BOOK STALL  |c 1970 
300 |a 128 p  |f PB 
650 |a CHERASAMRAJYAM 
700
942 |c TB 
999 |c 153360  |d 153360 
952 |0 0  |1 0  |4 0  |6 954_830000000000000_KUN  |7 0  |9 166817  |a ORI  |b ORI  |l 0  |o 954.83 KUN  |p ORI1643  |r 2019-10-25  |w 2019-10-25  |y TB